Normal view
MARC view
- Alfabetización informacional
Entry Materia
001 - NÚMERO DE CONTROL DEL REGISTRO
- campo de control: 12800
003 - IDENTIFICADOR DE NUMERO DE CONTROL
- campo de control: UPN
005 - FECHA Y HORA DE LA ÚLTIMA TRANSACCIÓN
- campo de control: 20221122095222.0
008 - DATOS DE LONGITUD FIJA
- campo de control de longitud fija: 221122n||acnnnbabn | ana |d
035 ## - NÚMERO DE CONTROL DEL SISTEMA
- Número de control del sistema: UPN10000012808
040 ## - FUENTE DE LA CATALOGACIÓN
- Centro catalogador de origen: UPN
- Lengua de catalogación: spa
- Agencia de transcripción: UPN
046 ## - FECHAS CON CODIFICACIÓN ESPECIAL
- Fecha final para contenidos agregados: 2022
150 ## - ENCABEZAMIENTO - TEMÁTICO
- Término de materia o nombre geográfico como elemento inicial: Alfabetización informacional
450 ## - VÉASE - MATERIA
- Encabezamiento temático: Alfabetización del uso de la información
450 ## - VÉASE - MATERIA
- Encabezamiento temático: Alfabetización informativa
450 ## - VÉASE - MATERIA
- Encabezamiento temático: Alfabetización de la información
670 ## - FUENTE EN LA QUE SE LOCALIZARON DATOS
- Cita de la fuente: LC/P
- Información localizada: Information literacy
680 ## - NOTA GENERAL CON DESPLIEGUE PÚBLICO
- Texto explicativo: Aqui se asientan la obras que tratan sobre la capacidad de reconocer cuándo se necesita la información, localizarla, evaluarla y utilizarla eficazmente
902 ## - CATALOGADOR
- Catalogador: BDV/170809
